Romanian Months, Seasons, and Days - Statistics

General Stats
  • This quiz has been taken 32 times
  • The average score is 22 of 23
Answer Stats
Română English % Correct
Vineri Friday
100%
Luni Monday
100%
Duminică Sunday
100%
Joi Thursday
100%
Marți Tuesday
100%
Februarie February
96%
Sâmbătă Saturday
96%
Aprilie April
92%
August August
92%
Toamnă Autumn
92%
Decembrie December
92%
Ianuarie January
92%
Iulie July
92%
Martie March
92%
Mai May
92%
Noiembrie November
92%
Octombrie October
92%
Septembrie September
92%
Primăvară Spring
92%
Vară Summer
92%
Miercuri Wednesday
92%
Iarnă Winter
92%
Iunie June
88%
No matching quizzes found
Score Distribution
Percent of People with Each Score
Percentile by Number Answered
Your Score History
You have not taken this quiz